Во славу Шопена. Балакирев в Варшаве и Желязовой Воле (Запись № 11766835)
[ простой вид ]
| 000 -МАРКЕР | |
|---|---|
| контрольное поле | 02290nam0a2200373 i 4500 |
| 001 - ИДЕНТИФИКАТОР ЗАПИСИ | |
| контрольное поле | RU\NLR\BIBL_A\011171403 |
| 005 - ИДЕНТИФИКАТОР ВЕРСИИ | |
| контрольное поле | 20260405142630.0 |
| 010 ## - МЕЖДУНАРОДНЫЙ СТАНДАРТНЫЙ НОМЕР КНИГИ (ISBN) | |
| Номер (ISBN) | 9785714012662 |
| Тираж | 150 |
| 035 ## - ДРУГИЕ СИСТЕМНЫЕ НОМЕРА | |
| Идентификатор записи | (NLR Aleph) 011171403 |
| 100 ## - ДАННЫЕ ОБЩЕЙ ОБРАБОТКИ | |
| Данные общей обработки | 20160704d2013 u y0rusy50 ca |
| 101 1# - ЯЗЫК РЕСУРСА | |
| Язык текста, звукозаписи и т.д. | русский |
| Язык оригинала | польский |
| 102 ## - СТРАНА ПУБЛИКАЦИИ ИЛИ ПРОИЗВОДСТВА | |
| Страна публикации | Российская Федерация |
| 105 ## - ПОЛЕ КОДИРОВАННЫХ ДАННЫХ: ТЕКСТОВЫЕ МАТЕРИАЛЫ, МОНОГРАФИЧЕСКИЕ | |
| Кодированные данные о монографическом текстовом документе | z 000yd |
| 200 1# - ЗАГЛАВИЕ И СВЕДЕНИЯ ОБ ОТВЕТСТВЕННОСТИ | |
| Основное заглавие | Во славу Шопена. Балакирев в Варшаве и Желязовой Воле |
| Первые сведения об ответственности | Гжегож Вишневский |
| Последующие сведения об ответственности | пер. с пол. Б. Гонтарева, В. Танской |
| 210 ## - ПУБЛИКАЦИЯ, РАСПРОСТРАНЕНИЕ И ДР. | |
| Место издания, распространения и т.д. | Москва |
| Имя издателя, распространителя и т. д. | Музыка |
| Дата издания, распространения и т.д. | 2013 |
| 215 ## - ФИЗИЧЕСКАЯ ХАРАКТЕРИСТИКА | |
| Специфическое обозначение материала и объем | 125, [1] с. |
| Другие сведения о физической характеристике | ил., портр. |
| Размеры | 20 |
| 300 ## - ОБЩИЕ ПРИМЕЧАНИЯ | |
| Текст примечания | Загл. и авт. ориг.: W holdzie Chopinowi Balakiriew w Warszawie i Żelazowej Woli/ G. Wiśniewski |
| 320 ## - ПРИМЕЧАНИЯ О НАЛИЧИИ В ДОКУМЕНТЕ БИБЛИОГРАФИИ / УКАЗАТЕЛЯ | |
| Текст примечания | Библиогр. в подстроч. примеч. |
| 454 #0 - ОРИГИНАЛ (ПЕРЕВОДА) | |
| Встроенное поле | 2001#$aW holdzie Chopinowi Balakiriew w Warszawie i Żelazowej Woli$fG. Wiśniewski |
| -- | 700#1$aWiśniewski$bG.$f1948-$gGrzegorz$3RU\NLR\AUTH\770151608 |
| Заглавие | W holdzie Chopinowi Balakiriew w Warszawie i Żelazowej Woli |
| Автор | Wiśniewski, Grzegorz (1948-) |
| 600 #1 - ИМЯ ЛИЦА КАК ПРЕДМЕТ | |
| Начальный элемент ввода | Шопен |
| Часть имени, кроме начального элемента ввода | Ф. |
| Даты | 1810 - 1849 |
| Расширение инициалов личного имени | Фридерик |
| Системный номер авторитетной/нормативной записи | 999099 |
| Идентификатор авторитетной/нормативной записи | RU\NLR\AUTH\66378603 |
| 600 #1 - ИМЯ ЛИЦА КАК ПРЕДМЕТ | |
| Начальный элемент ввода | Балакирев |
| Часть имени, кроме начального элемента ввода | М. А. |
| Даты | 1836 - 1910 |
| Расширение инициалов личного имени | Милий Алексеевич |
| Тематический подзаголовок | Памятные места |
| Географический подзаголовок | Желязова-Воля, деревня (Польша) |
| Системный номер авторитетной/нормативной записи | 2290055 |
| Идентификатор авторитетной/нормативной записи | RU\NLR\AUTH\6601599089 |
| 606 1# - НАИМЕНОВАНИЕ ТЕМЫ КАК ПРЕДМЕТ | |
| Наименование темы | Музыкальная культура |
| Географический подзаголовок | Варшава, город (Польша) |
| Хронологический подзаголовок | 19 в. |
| Системный номер авторитетной/нормативной записи | 2290051 |
| Идентификатор авторитетной/нормативной записи | RU\NLR\AUTH\6601599087 |
| 606 1# - НАИМЕНОВАНИЕ ТЕМЫ КАК ПРЕДМЕТ | |
| Наименование темы | Музыкальная культура |
| Географический подзаголовок | Санкт-Петербург, город |
| Хронологический подзаголовок | 19 в. |
| Системный номер авторитетной/нормативной записи | 1076206 |
| Идентификатор авторитетной/нормативной записи | RU\NLR\AUTH\66419890 |
| 686 1# - ИНДЕКСЫ ДРУГИХ КЛАССИФИКАЦИЙ | |
| Индекс | Щ313(2Р=Рус)51-81 Балакирев |
| 686 1# - ИНДЕКСЫ ДРУГИХ КЛАССИФИКАЦИЙ | |
| Индекс | Щ313(4П)51-81Шопен |
| 686 1# - ИНДЕКСЫ ДРУГИХ КЛАССИФИКАЦИЙ | |
| Индекс | Щ313(4П)5-692Варшава |
| 686 1# - ИНДЕКСЫ ДРУГИХ КЛАССИФИКАЦИЙ | |
| Индекс | Щ313(2Р=Рус)5-692Петербург |
| 700 #1 - ИМЯ ЛИЦА - ПЕРВИЧНАЯ ОТВЕТСТВЕННОСТЬ | |
| Графика поля | Кириллица |
| Материалы, к которым относится поле | rus |
| Начальный элемент ввода | Вишневский |
| Часть имени, кроме начального элемента ввода | Г. |
| Даты | 1948- |
| Расширение инициалов личного имени | Гжегож |
| Системный номер авторитетной/нормативной записи | 151569 |
| Идентификатор авторитетной/нормативной записи | RU\NLR\AUTH\770151607 |
| 702 #1 - ИМЯ ЛИЦА - ВТОРИЧНАЯ ОТВЕТСТВЕННОСТЬ | |
| Код отношения | Прочие |
| Графика поля | Кириллица |
| Материалы, к которым относится поле | rus |
| Начальный элемент ввода | Шопен |
| Часть имени, кроме начального элемента ввода | Ф. |
| Даты | 1810-1849 |
| Расширение инициалов личного имени | Фридерик |
| Системный номер авторитетной/нормативной записи | 41431 |
| Идентификатор авторитетной/нормативной записи | RU\NLR\AUTH\7758499 |
| 702 #1 - ИМЯ ЛИЦА - ВТОРИЧНАЯ ОТВЕТСТВЕННОСТЬ | |
| Код отношения | Прочие |
| Графика поля | Кириллица |
| Материалы, к которым относится поле | rus |
| Начальный элемент ввода | Балакирев |
| Часть имени, кроме начального элемента ввода | М. А. |
| Даты | 1836-1910 |
| Расширение инициалов личного имени | Милий Алексеевич |
| Системный номер авторитетной/нормативной записи | 37453 |
| Идентификатор авторитетной/нормативной записи | RU\NLR\AUTH\7754521 |
| 942 ## - ДОПОЛНИТЕЛЬНЫЕ ЭЛЕМЕНТЫ ЗАПИСИ (АБИС) | |
| Тип экземпляра АБИС | Книга |
| 980 ## - КОЛЛЕКЦИЯ | |
| Название коллекции | НБР |
Нет доступных экземпляров.